Pokemon der Arenaleiter Einall - Statistiken

Allgemein
  • Dieses Quiz wurde 51 mal gespielt
    50 seit der letzten Aktualisierung
  • Das Durchschnittsergebnis liegt bei 32 aus 39
Antwortstatistiken
Hint Pokemon % Korrekt
Sodamak
98%
Vegimak
98%
Grillmak
96%
Kamilla Emolga
91%
Maxax
91%
Maxax
91%
Fasasnob
89%
Rollum
89%
Artie Rollum
89%
Aloe Terribark
89%
Benny Yorkleff
89%
Maik Yorkleff
89%
Colin Yorkleff
89%
Yorkleff
89%
Zebritz
89%
Kukmarda
87%
Lithomith
87%
Cheren Nagelotz
87%
Stalobor
87%
Turner Rokkaiman
85%
Swaroness
85%
Frigometri
83%
Lilia (W) Sharfax
83%
Geraldine Fletiamo
80%
Matrifol
80%
Lysander (SW2) Shardrago
80%
Shardrago
80%
Siberio
78%
Mica Smogon
78%
Mebrana
76%
Sandro Gelatroppo
74%
Apoquallyp
70%
(SW2) Folikon
67%
Benson Karippas
65%
(SW2) Panzaeron
61%
Wailord
61%
(SW2) Waaty
59%
Libelldra
54%
(SW2) Sandamer
54%
Keine übereinstimmenden Quizze gefunden
Verteilung der Resultate
Anzahl Personen mit jedem Resultat
Perzentil nach korrekt beantworteten Fragen
Ihre Resultats-Entwicklung
Sie haben dieses Quiz seit der letzten Aktualisierung nicht gespielt